Normal view
MARC view
Entry Personal Name
001 - CONTROL NUMBER
- control field: 664947
003 - CONTROL NUMBER IDENTIFIER
- control field: OSt
005 - DATE AND TIME OF LATEST TRANSACTION
- control field: 20221006153701.0
008 - FIXED-LENGTH DATA ELEMENTS
- fixed length control field: 221006|| aca||aabn | a|a d
040 ## - CATALOGING SOURCE
- Original cataloging agency: OSt
- Transcribing agency: OSt
100 ## - HEADING--PERSONAL NAME
- Personal name: Wilhelm Hellmut Au
670 ## - SOURCE DATA FOUND
- Source citation: Work cat.: (OSt)1101135: Wilhelm Hellmut Au., Heaven Earth and Man in the Book of Changes, 1977
